MARC

LEADER 00000nas a2200000 a 4500
001 ssj0012599
003 WaSeSS
005 20200512172242.0
006 m d
007 cr n
008 021008c19929999nyubx pss 0 a0eng c
010 |a  2003215906 
015 |a GBB5H2123  |2 bnb 
016 7 |a 015496443  |2 Uk 
022 |a 1547-0679  |l 1053-8712  |y 1053-8712 
030 |a JCABEK 
035 |a (WaSeSS)ssj0012599 
037 |b The Haworth Press, Inc., 10 Alice St., Binghamton, NY 13904-1580 
040 |a TXU  |b eng  |e pn  |c TXU  |d OCLCQ  |d NSD  |d OCLCQ  |d OCL  |d OCLCQ  |d CFI  |d OCLCQ  |d UKMGB  |d OCLCQ  |d NUI  |d OCLCF  |d OCLCO  |d VT2  |d OCLCQ  |d OCLCO  |d OCLCQ  |d OCLCA  |d NLE  |d BUF  |d U3W  |d AU@  |d OCLCO  |d WYU  |d AUD  |d CNTRU  |d DLC  |d WaSeSS 
042 |a pcc  |a nsdp 
050 0 0 |a HV6570 
060 0 0 |a W1  |b JO584P 
082 1 0 |a 364  |2 13 
130 0 |a Journal of child sexual abuse (Online) 
210 0 |a J. child sex. abuse  |b (Online) 
222 0 |a Journal of child sexual abuse  |b (Online) 
245 1 0 |a Journal of child sexual abuse  |h [electronic resource]. 
260 |a Binghamton, NY :  |b Haworth Press,  |c ©1992- 
260 3 |3 <2014-> :  |a Philadelphia, PA :  |b Taylor & Francis Group, LLC 
310 |a Eight issues per year,  |b 2013- 
321 |a Quarterly 
362 1 |a Print began with vol. 1, no. 1. 
506 |a License restrictions may limit access. 
538 |a Mode of access: World Wide Web. 
588 |a Description based on: Vol. 8, no. 4 (1999); title from caption of PDF (publisher's Web site, viewed Oct. 9, 2003). 
588 |a Latest issue consulted: Vol. 29, issue 2 (2020) (Taylor & Francis website, viewed Mar. 16, 2020). 
650 0 |a Child sexual abuse  |v Periodicals. 
650 0 |a Child sexual abuse  |x Prevention  |v Periodicals. 
650 0 |a Child molesters  |x Rehabilitation  |v Periodicals. 
650 0 |a Sexually abused children  |x Rehabilitation  |v Periodicals. 
650 7 |a Child molesters  |x Rehabilitation.  |2 fast  |0 (OCoLC)fst00854514 
650 7 |a Child sexual abuse.  |2 fast  |0 (OCoLC)fst00854640 
650 7 |a Child sexual abuse  |x Prevention.  |2 fast  |0 (OCoLC)fst00854648 
650 7 |a Sexually abused children  |x Rehabilitation.  |2 fast  |0 (OCoLC)fst01114938 
650 2 |a Child Abuse, Sexual  |v Periodicals. 
655 0 |a Electronic journals. 
776 1 |t Journal of child sexual abuse  |x 1053-8712  |w (DLC) 92640663  |w (OCoLC)22683562 
850 |a DLC 
856 4 0 |z Full text available from Research Library: 04/01/1995 to 12/31/1997  |u https://search.proquest.com/publication/45127